000 00524nam a2200157 a 4500
001 000026282
005 20210326154637.0
008 110309d1986 dr r 000 0 spa d
040 _aDO-SdBNP
_bspa
_cBNPHU
082 _axxxx
_bxxxx
100 _aPolanco Brito, Hugo E.
_97924
245 1 0 _aRecordando a Meriño en el primer centenario de su consagración episcopal /
_cHugo E. Polanco Brito.
260 _aSanto Domingo :
_bFundación García Arévelo,
_c1986.
300 _a59 P. ;
_c22 cm.
590 _aInventariado, 2018/BT
999 _c25774
_d25774